20 najsilniejszych państw w 2023 roku - Statystyki

Ogólne statystyki
  • Ten quiz został rozwiązany 1 207 razy
  • Średni wynik to 15 z 20
Statystyki odpowiedzi
Index siły Państwo % Poprawnych
0.0714 Rosja
98%
0.0712 Stany Zjednoczone
98%
0.0722 Chiny
96%
0.3406 Polska
94%
0.1848 Francja
91%
0.1025 Indie
87%
0.1435 Wielka Brytania
87%
0.1711 Japonia
81%
0.2516 Ukraina
78%
0.2151 Brazylia
77%
0.1973 Włochy
77%
0.1505 Korea Południowa
73%
0.2016 Turcja
68%
0.1694 Pakistan
67%
0.2712 Iran
62%
0.2567 Australia
61%
0.2224 Egipt
60%
0.2221 Indonezja
52%
0.2757 Izrael
50%
0.2855 Wietnam
39%
Nie znaleziono quizów pasujących do podanych kryteriów
Rozkład punktacji
Procent ludzi z każdym wynikiem
Percentyl według liczby udzielonych odpowiedzi
Twoja historia wyników
Nie rozwiązałeś tego quizu